| 000 | 00335 a2200121 4500 | ||
|---|---|---|---|
| 001 | 55660 | ||
| 082 | _a954.9105092 BHU | ||
| 090 |
_c34543 _d34543 |
||
| 100 | _aBhutto, Benazir | ||
| 245 |
_aReconciliation ; islam, democracy and the west _cBenazir Bhutto |
||
| 260 |
_aLondon _bSimmon & Schuster _c2008 |
||
| 300 | _aviii, 328 p. | ||
| 942 |
_aNUST-CAE _k954.9105092 BHU |
||
| 999 |
_c290733 _d290733 |
||